Song by Opening Lyric #6 - Statistics

General Stats
  • This quiz has been taken 41 times
  • The average score is 12 of 40
Answer Stats
Opening Lyric Song Artist % Correct
- Rehab -
91%
- Amy Winehouse -
88%
- Wham! -
66%
- Wake Me Up Before You Go-Go -
63%
- Michael Jackson -
50%
- Crazy -
47%
- Gnarls Barkley -
44%
- Smooth Criminal -
44%
- All Along the Watchtower -
41%
- Free Bird -
41%
- The Jimi Hendrix Experience -
41%
- Lynyrd Skynyrd -
38%
- Whitney Houston -
38%
- I Will Always Love You -
34%
- Bob Marley -
31%
- Three Little Birds -
31%
- Chicken Fried -
28%
- Footloose -
28%
- Kenny Loggins -
28%
- Hank Williams -
25%
- Love Sick Blues -
25%
- The Beatles -
22%
- The Smiths -
22%
- Zac Brown Band -
22%
- Alone Again Naturally -
19%
- Gilbert O'Sullivan -
19%
- How Soon Is Now? -
19%
- Oh! Darling -
19%
- Way Down We Go -
19%
- I'd Rather Go Blind -
16%
- KALEO -
16%
- Carry Me Back to Virginia -
13%
- Etta James -
13%
- It's My Life -
13%
- Jim Croce -
13%
- Landmines -
13%
- Old Crow Medicine Show -
13%
- Sum 41 -
13%
- Talk Talk -
13%
- You Don't Mess Around With Jim -
13%
No matching quizzes found
Score Distribution
Percent of People with Each Score
Percentile by Number Answered
Your Score History
You have not taken this quiz